000 00647nam a2200229Ia 4500
003 OSt
005 20230525160205.0
008 210423s2008 xx 000 0 und d
020 _a978-0-415-44759-1
040 _cAL
041 _aeng
082 _a302.2345
_223
_bMEHT
100 _aMEHTA (Nalin) Ed
_9114253
245 _aTelevision in India: satellites politics and cultural change
260 _aNew York
_bRoutledge
_c2008
300 _aix,170
_bHB
365 _b995
_cINR
650 _aCommunication
_9114254
650 _aSociology
_9114255
906 _achange ; cultural ; India:satellites,politics ; Television
942 _2ddc
_cBK
999 _c167400
_d167400